000 00803nas a2200253 4500
001 BR7801059
003 BR-BrBNA
005 20231205083340.0
007 ta
008 230509b bl.|||p| |||| 00| 00por d
040 _aBR-BrBNA
_bpor
_cBiblioteca Nacional de Agricultura
041 _a(Pt)
072 _aL70
100 1 _aOliveira, M.C.
100 1 _aSilva, P.P. e
100 1 _aSilva, J.R.P. e
245 1 _aConsideracoes sobre os niveis de origem da arteria tiroidea cranial na cobaia (Cavia porcellus)
650 _aVETERINARIA
650 _aCOBAIA
650 _aARTERIA TIROIDEA
773 0 _tRevista Brasileira de Pesquisas Medicas e Biologicas (Brazil)
_xISSN 0034-7310
_g(Dec 1976), v. 9(5-6) p. 239-242
_wBR7801059
909 _a202311
_bLúcia
_c55
_dLúcia Elande
942 _2AGRIS
_n0
_cANA
999 _c98155
_d98155